|
|
|
|
| LEADER |
00637nam a22001817a 4500 |
| 008 |
170315b xxu||||| |||| 00| 0 eng d |
| 020 |
|
|
|a 9788180387630
|
| 082 |
|
|
|a 346.096 PRA'15
|
| 100 |
|
|
|a Prasad B M & Manish Mohan
|
| 245 |
|
|
|a Khergamvala on the Negotiable Instruments Act
|
| 250 |
|
|
|a Ed.21
|
| 260 |
|
|
|a Gurgaon
|b Lexis Nexis
|c 2015
|
| 300 |
|
|
|a 668p.
|
| 500 |
|
|
|a Include Index
|
| 650 |
|
|
|a Khergamvala-Negotiable Instruments Act
|
| 942 |
|
|
|2 ddc
|c REF
|
| 999 |
|
|
|c 10054
|d 10054
|
| 952 |
|
|
|0 0
|1 0
|2 ddc
|4 0
|6 346_096000000000000_PRA15
|7 1
|8 REF
|9 19906
|a NUALS
|b NUALS
|c REF
|d 2017-03-15
|g 995.00
|l 0
|o 346.096 PRA'15
|p 13277
|r 2017-03-15
|w 2017-03-15
|y REF
|